Study Guide To Accompany Microeconomics (Record no. 353977)

MARC details
000 -LEADER
fixed length control field 00432nam a2200157Ia 4500
008 - FIXED-LENGTH DATA ELEMENTS--GENERAL INFORMATION
fixed length control field 230719s9999 xx 000 0 und d
041 ## - LANGUAGE CODE
Language code of text/sound track or separate title eng
082 ## - DEWEY DECIMAL CLASSIFICATION NUMBER
Classification number 338.5
Item number BLO
100 ## - MAIN ENTRY--PERSONAL NAME
Personal name Blomqvist A.
9 (RLIN) 203703
245 ## - TITLE STATEMENT
Title Study Guide To Accompany Microeconomics
250 ## - EDITION STATEMENT
Edition statement 4th ed.
260 ## - PUBLICATION, DISTRIBUTION, ETC. (IMPRINT)
Date of publication, distribution, etc. 1997
Name of publisher, distributor, etc. Tata McGraw Hill Pub.
300 ## - PHYSICAL DESCRIPTION
Extent 414
365 ## - TRADE PRICE
Currency code Rs.
Price amount 70.00
700 ## - ADDED ENTRY--PERSONAL NAME
Personal name Blomqvist A.; Wonnacott P. & Wonnacott R.
9 (RLIN) 203704
Holdings
Withdrawn status Lost status Damaged status Not for loan Home library Current library Shelving location Date acquired Vendor Cost, normal purchase price Total Checkouts Full call number Barcode Date last seen Date last checked out Cost, replacement price Bill Date Koha item type Original Barcode
        Cummins College of Engineering for Women Pune Cummins College of Engineering for Women Pune Donated Book 04/06/2012 Masurkar Enterprises 70.00 1 338.5 CCEP-DB-182 09/01/2024 18/10/2023 70.00 19/07/2023 Books D00182